| 000 | 00499nam a2200169Ia 4500 | ||
|---|---|---|---|
| 003 | GCL | ||
| 008 | 140319s9999 xx 000 0 ara d | ||
| 040 |
_aGCL / _cGCL |
||
| 082 | 0 | 4 |
_a953.09 _bل ت |
| 100 | 1 | _aلوتسكى | |
| 245 | 1 | 0 |
_aتاريخ الاقطار العربية الحديث / _cلوتسكى |
| 260 |
_a[S.N] : _bاكاديميةالعلوم فى الاتحاد السوفيتى\ دار ، _c1985 |
||
| 300 | _a511 ص | ||
| 490 | _a | ||
| 650 | 0 | 4 | _aتاريخ |
| 942 |
_2ddc _cBK |
||
| 999 |
_c54118 _d54118 |
||